La propiedad intelectual en los tiempos de la revolucin̤ biotecnolg̤ica

Detalles Bibliográficos
Autor principal: Morales Santos, Tayde
Otros Autores: Lp̤ez Herrera, Agustn̕
Formato: eBook
Lenguaje:español
Publicado: Ciudad de Mx̌ico: Cm̀ara de Diputados, 2014
Materias:
Acceso en línea:Acceso restringido

MARC

LEADER 00000nam a22000007a 4500
005 20170711221528.0
007 cr|||| ||||
008 170711s2014 mx |||||s||||f00||0 spa d
020 |a 978-607-9423-32-2 
035 |a 20436 
040 |a vLex 
090 |c 6816  |d 6816 
100 1 |a Morales Santos, Tayde 
245 1 2 |a La propiedad intelectual en los tiempos de la revolucin̤ biotecnolg̤ica  |h [Recurso electrn̤ico] /  |c Tayde Morales Santos, Agustn̕ Lp̤ez Herrera 
256 |a Servicio en ln̕ea 
260 |a Ciudad de Mx̌ico:  |b Cm̀ara de Diputados,  |c 2014 
300 |a 1 recurso electrn̤ico 
500 |a La Universidad Autn̤oma Chapingo y el CEDRSSA unieron esfuerzos para publicar la primera versin̤ de esta obra, que mereci ̤una buena acogida del pb︢lico interesado en los temas de la propiedad intelectual. El Centro publica ahora esta nueva versin̤ que conserva en general el contenido de la anterior y adems̀ incluye un nuevo capt̕ulo, “Recursos genťicos: bioseguridad y acceso en lo que va del siglo”, para dar cuenta en ľ de la reorientacin̤ polt̕ica del organismo internacional de cooperacin̤ en la materia, la FAO, y sus repercusiones en Mx̌ico en el presente siglo. En el nuevo capt̕ulo, los autores confirman que en los m̀bitos jurd̕ico, econm̤ico y social no sl̤o se extiende sino que se profundiza el predominio de la propiedad intelectual privada sobre los fundamentos de la vida, los genes; que la industria biotecnolg̤ica es favorecida con los derechos de obtentor y de patentes con el abierto respaldo de la prc̀tica jurd̕ica internacional, manifiesta en Mx̌ico en la actividad de los organismos responsables de otorgar, administrar y garantizar esas formas de propiedad. Estas tesis, a la luz de la economa̕ polt̕ica, dilucidan puntos de esta controvertida problemt̀ica mundial y, tambiň, son provocadoras para los interesados en el tema, pues invitan a la reflexin̤ y el debate. 
506 1 |a Disponible solo en los productos indicados  |d vLex Global  |d vLex Global (Academic Edition, excluding Law Schools)  |d vLex Global (U.S. Academic Edition, Law Schools)  |d vLex Global (U.S. Academic Edition, excluding Law Schools)  |d vLex Global (Academic Edition, Law Schools) 
650 0 4 |a Derecho Mercantil y de la Empresa  |z Mx̌ico 
650 0 4 |a Propiedad Intelectual  |z Mx̌ico 
700 1 |a Lp̤ez Herrera, Agustn̕ 
740 0 |a vLex Libros (Servicio en ln̕ea) 
856 4 0 |u http://vlex.com/source/propiedad-intelectual-en-los-tiempos-de-la-revolucion-biotecnologica-20436  |z Acceso restringido 
942 |c BOOK 
999 0 |a Commercial and Company Law 
999 0 |a Intellectual Property